[Event "Corus"]
[Site "Wijk aan Zee"]
[Date "2008.01.27"]
[Round "13"]
[White "Leko, Peter"]
[Black "Mamedyarov, Shakhriyar"]
[Result "1-0"]
[WhiteElo "2753"]
[BlackElo "2760"]
[Annotator "Marin,M"]
[PlyCount "53"]
[EventDate "2008.01.12"]
[EventType "tourn"]
[EventRounds "13"]
[EventCountry "NED"]
[EventCategory "20"]
[SourceTitle "CBM 122"]
[Source "ChessBase"]
[SourceDate "2008.01.30"]
[SourceVersion "1"]
[SourceVersionDate "2008.01.30"]
[SourceQuality "1"]

1. e4 e5 2. Nf3 Nc6 3. Bb5 a6 4. Ba4 d6 5. O-O ({Mamedyarov had had a couple
of suspicious positions after} 5. c3 Bd7 6. d4 g6 {lately, but he managed to
survive every time. Therefore, Leko tries to give play a different, more open,
character. We shall see that both players had some previous experience in this
line, too, including a game against each other...}) 5... Bd7 6. d4 $5 exd4 ({
After} 6... b5 7. Bb3 Nxd4 8. Nxd4 exd4 {White cannot capture on d4 because of
...c5 and ...c4, winning the bishop, but after} 9. c3 {his better development
would offer him excellent compensation for the pawn.}) 7. Nxd4 b5 8. Nxc6 Bxc6
9. Bb3 Nf6 10. c4 $5 {Before developing the knight, Leko increases his
influence in the centre.} ({The alternate plan is} 10. Nc3 Be7 11. Re1 O-O {
and now, White can put pressure on the b5-pawn with} 12. a4 Re8 $5 {For the
time being, Black should ignore the tension and continue developing.} (12... b4
$6 {proved a bit premature in an earlier game between same players, Leko,P 
(2740)-Mamedyarov,S (2709)/Wijk aan Zee 2006/CBM 111/[Finkel,A] (1-0, 37)}) 13.
Qd3 (13. Qf3 {fails to increase the pressure against the b5 pawn and places
the queen on a dangerous diagonal.} b4 $6 {Not really necessary.} 14. Nd5 Nxd5
15. exd5 Bd7 16. Bd2 Bf6 17. Bxb4 Bxb2 18. Rxe8+ Bxe8 19. Re1 a5 20. Bd2 $14 {
White's advantage is rather symbolical. Shirov,A (2715)-Short,N (2663)/Dubai
2002/CBM 089 (1-0, 56)}) 13... Rb8 14. Bg5 Nd7 ({For once, this would have
been a good moment to play} 14... b4 {because of the exposed position of the
bishop on g5.} 15. Nd5 Nxd5 16. exd5 Bxg5 17. dxc6 Bf6 {The presence of
opposite coloured bishops is not a guarantee of a draw yet, but it seems that
Black can neutralise the pressure against the f7-square after} 18. Qd5 Re7 19.
Re3 Qf8 20. Rae1 Rbe8 $11) 15. axb5 axb5 16. Bxe7 Rxe7 17. Nd5 $14 Re5 18. Nb4
Bxe4 19. Rxe4 Nc5 20. Bxf7+ $1 (20. Nc6 Nxd3 21. Nxd8 Rxe4 {1/2-1/2 Vachier
Lagrave,M-Mamedyarov,S/Moscow 2006}) 20... Kh8 (20... Kxf7 $2 21. Qf3+ $18) (
20... Kf8 21. Qf3 Nxe4 22. Bg6+ Nf6 23. Nc6 $16) 21. Nc6 Nxd3 22. Nxd8 Rxe4 23.
Nc6 $16) 10... Be7 11. Nc3 O-O 12. Re1 Re8 13. Bf4 (13. Qf3 {has the same
drawback as above.} b4 14. Nd5 a5 15. a4 Nd7 16. Be3 Bf6 17. Nxf6+ Nxf6 $132 {
[%csl Gf3] Shirov,A (2739)-Mamedyarov,S (2752)/Moscow Tal Mem 2007/CBM 122 (1/
2-1/2, 45)}) 13... Rb8 $146 {Mamedyarov might not have been content with his
previous experience in this position, but I do not see the point behind his
novelty. There is no real pressure along the b-file, while in case of his 
(apparently) favourite ...b4, the rook would me more useful on a8, sustaining
the advance of the a-pawn.} (13... Nd7 14. cxb5 axb5 15. Qh5 Rf8 16. Rad1 {
A natural move in a blitz game.} ({However,} 16. Nxb5 $5 {seems to be possible.
One important point is that after} Nc5 17. Nd4 $1 Bxe4 $2 18. Rxe4 $1 Nxe4 19.
Re1 Nf6 20. Qh3 $18 {[%cal Gd4c6] Black cannot save his bishop!!}) 16... Nc5
17. Bc2 g6 18. Qh6 Bf6 19. a3 Ne6 $132 {Shirov,A (2739)-Mamedyarov,S (2752)/
Moscow blitz W-ch 2007 (1/2-1/2, 54)}) ({I would suggest the developing move} 
13... Qd7 $5 {(Mamedyarov might have disliked it because it prevents ...Nd7-c5,
but in the game he will fail to maintain stability on the dark squares anyway)}
14. Qc2 (14. Qd3 Ng4 $5) 14... b4 15. Nd5 a5 $132) 14. Qc2 b4 ({It seems to be
too late for} 14... Qd7 {now, because of} 15. Rad1 b4 16. Nd5 a5 17. e5 $36)
15. Nd5 Nd7 ({Here,} 15... a5 {is not too efficient because of} 16. a3 $14 {
, when ...a4 is not possible.}) 16. Be3 $14 {White has a very active position.
Black's defence relies on the control of the c5-square and the temporary
passivity of the b3-bishop.} Bf8 17. f3 Ba8 18. Rad1 c6 19. Nf4 Qc7 20. Nd3 a5
({Black could have prevented the following pawn break with} 20... c5 {, but
after} 21. Ba4 $1 Bc6 22. Nf4 {White's control over the d5-square ensures him
a stable advantage.}) 21. c5 $1 {After this move, White's advanatge is
indisputable. Black's queen's bishop is passive now and he has lost his
stability. At the same time, all White's pieces are very active.} Bb7 {The
manoeuvre initiated with this move is too time-consuming to ensure equality...}
22. Bf4 Ba6 23. cxd6 Bxd6 24. Bxd6 Qxd6 25. Ne5 $1 {Avoiding the exchange on
d3 and ensuring the occupation of the seventh rank.} Qxe5 26. Rxd7 Red8 27.
Red1 {Black's resignation looks a bit premature, but I must admit I would not
like playing on in such a position, with the f7- and b5-pawns under fire and
without chances for counterplay.} 1-0

[Event "Bundesliga 0910"]
[Site "Germany"]
[Date "2010.04.11"]
[Round "15.1"]
[White "Gashimov, Vugar"]
[Black "Huebner, Robert"]
[Result "1/2-1/2"]
[WhiteElo "2740"]
[BlackElo "2605"]
[Annotator "Meyer,CD"]
[PlyCount "150"]
[EventDate "2009.10.16"]
[EventType "team-tourn"]
[EventRounds "15"]
[EventCountry "GER"]
[SourceTitle "CBM 136"]
[Source "ChessBase"]
[SourceDate "2010.05.18"]
[SourceVersion "1"]
[SourceVersionDate "2010.05.18"]
[SourceQuality "1"]
[WhiteTeam "Werder Bremen"]
[BlackTeam "Remagen"]
[WhiteTeamCountry "GER"]
[BlackTeamCountry "GER"]

1. e4 e5 2. Nf3 Nc6 3. Bb5 a6 4. Ba4 d6 5. O-O Bd7 (5... Bg4 {Das
berühmt-berüchtigte Figurenopfer nach} 6. h3 h5 7. d4 b5 8. Bb3 Nxd4 9. hxg4
Nxb3 10. axb3 hxg4 11. Ng5 Qd7 {fand durch Gashimovs Neuerung} 12. Qd3 $1 {
eine glänzende Widerlegung:} Rb8 13. Rxa6 f6 14. Nc3 fxg5 15. Bxg5 Be7 16. f4
$5 gxf3 $6 17. Qxf3 Nf6 18. Nd5 Nxd5 19. Qf7+ Kd8 20. Qxg7 $18 Kc8 21. Qxh8+
Kb7 22. Qh7 $1 Qg4 23. exd5 Qd4+ 24. Kh1 Bxg5 25. Rfa1 Be3 26. Ra7+ Qxa7 27.
Rxa7+ Bxa7 28. g4 Rf8 29. g5 Rf2 30. Qe4 Rf1+ 31. Kh2 Rf4 32. Qxf4 $1 exf4 33.
c3 {1-0 Gashimov,V (2679)-Grischuk,A (2716)/Baku 2008/CBM 124/[Gashimov]}) 6.
d4 (6. c3 {erscheint mir gehaltvoller.}) 6... Nxd4 (6... b5 7. Bb3 Nxd4 8. Nxd4
exd4 9. c3 $44 (9. Qxd4 $4 c5 {-c4})) 7. Bxd7+ Qxd7 8. Nxd4 exd4 9. Qxd4 Nf6 ({
Die ebenfalls solide Alternative lautet} 9... Ne7 {und nun z.B.:} 10. Nc3 (10.
b3 Nc6 11. Qd2 (11. Qd3 Be7 12. Bb2 O-O 13. Qg3 g6 14. Nc3 Bf6 15. Rad1 Rae8
16. f4 Qe6 $2 (16... Bh8 $13) 17. e5 $1 dxe5 18. f5 Qe7 19. Nd5 (19. Qf2) 19...
Qc5+ 20. Qf2 Qxf2+ 21. Rxf2 Be7 (21... Bg5) 22. Nxe7+ Nxe7 23. fxg6 Nxg6 24.
Ba3 Rd8 25. Rdf1 Rfe8 26. Rxf7 Nf4 27. Rxc7 Rd2 28. g3 Nh3+ $2 (28... Ne2+ 29.
Kh1 Nd4 30. Rff7 Ne6 $14) 29. Kh1 Nf2+ 30. Kg2 Ng4+ 31. Kh3 Nf2+ 32. Kh4 $16 {
1:0/55, Hracek - Khamatgaleev, Pardubice 2004}) 11... Be7 12. Bb2 O-O 13. c4 f5
14. exf5 Rxf5 15. Nc3 Bf6 16. Rae1 Rf8 17. Nd5 Bxb2 18. Qxb2 R5f7 19. Qd2 Ne5
20. f4 Ng4 21. g3 b5 22. Qd4 c6 23. Nc3 Nf6 24. Ne4 Nxe4 25. Qxe4 Rf5 26. Kg2
d5 27. cxd5 Rxd5 28. Qe6+ Qxe6 29. Rxe6 Rf6 30. Re8+ Rf8 31. Re6 Rf6 32. Re8+
Rf8 {remis, Lanka,Z (2575)-Huebner,R (2600), Pula 1997}) 10... Nc6 11. Qd3 Be7
12. Bf4 O-O 13. Nd5 Kh8 14. Rfe1 Rae8 15. Rad1 Bd8 16. Bg3 h6 17. Qb3 Qc8 18.
c4 Ne7 19. Ne3 Ng6 20. f3 Bf6 21. Nd5 Bh4 22. Qc3 Bxg3 23. hxg3 f5 24. exf5
Qxf5 25. f4 Qf7 26. Qd3 c6 27. Rxe8 Rxe8 28. Nc3 Ne7 29. Qxd6 Nf5 $11 {remis/
40, Gashimov,V (2723)-Milov,V (2669), Gibraltar 2009}) 10. Nc3 Be7 11. Bg5 (11.
b3 O-O 12. Bb2 Rae8 13. Rae1 Bd8 14. f4 c6 15. Rd1 Bc7 16. e5 Qd8 17. Na4 dxe5
18. fxe5 Qxd4+ 19. Bxd4 Nd7 20. Nc5 $14 {De Firmian - Timman, Amsterdam 1996})
11... h6 12. Bh4 Qg4 13. Bg3 O-O 14. Rad1 $14 {Das kleine weiße Plus dürfte
sich bei korrektem Gegenspiel schon bald verflüchtigen.} Rfe8 (14... Rae8 $6
15. h3 Qe6 16. Bh2 Bd8 $6 17. Rfe1 Qc8 18. f4 Re6 19. e5 dxe5 20. fxe5 $16 {
, dennoch 0-1/69, Milov,L (2539)-Klovans,J (2415), Deizisau 2009}) 15. Rfe1
$146 (15. Qc4 Rac8 16. h3 Qg6 17. Bh2 Nd7 18. f4 c6 19. Qe2 f5 20. Kh1 Nc5 21.
exf5 Qxf5 22. g4 Qf7 23. Qg2 d5 24. Ne2 Ne4 25. c3 Bd6 {remis, Polgar,J (2656)
-Timman,J (2639), Hoogeveen 2000}) 15... Rad8 16. f3 Qc8 17. Bf2 c6 18. Qd2 (
18. Ne2 Nd7 19. Qc3 (19. Ng3 g6 20. Ne2 Qc7) 19... Bf6 20. Bd4 d5 $5) 18... Qc7
19. Kh1 b5 20. b3 d5 21. e5 Nd7 $11 22. Bg3 Nc5 $6 ({Nachdem Hübner die
Eröffnungsphase mühelos überstanden hat, unterläuft ihm erst ein
Flüchtigkeitsfehler und dann gar ein grobes Versehen. Besser waren: I} 22...
Qc8 $142) ({II} 22... Nf8 $142 $1 $11 23. Ne2 (23. e6 $6 Qa5) (23. f4 Qa5)
23... Ne6) 23. e6 Bd6 $2 ({Nach dem korrektiven} 23... Qc8 {wäre noch immer
nichts los gewesen:} 24. exf7+ Kxf7 $13 {/=. Nun läßt sich Gashimov die
unverhoffte Chance nicht entgehen ...}) 24. Nxd5 $1 {Eine präzise berechnete
kleine Kombination, die letztlich zu vorteilhafter Stellung mit Bauerngewinn
führt.} Bxg3 ({Oder} 24... cxd5 {und nach der forcierten Abwicklung} 25. exf7+
Qxf7 (25... Kxf7 $2 26. Qxd5+ Re6 27. Rxe6 Nxe6 28. Bxd6 Qxc2 29. Re1 Re8 30.
Bb4 Qc8 31. f4 {usw. +-}) 26. Rxe8+ Qxe8 27. Qxd5+ Kh7 28. Bxd6 Nb7 29. Qxb7
Rxd6 {hat Weiß in dem D+T vs D+T-Endspiel zwar zwei Mehrbauern, ob die ihm
aber aufgrund seiner Grundreihenschwäche sowie der gegnerischen Aktiva zum
Gewinn reichen, ist mir nicht klar, z.B.} 30. Rc1 Rd2 31. Qe4+ Qxe4 32. fxe4 b4
$16) 25. Nxc7 Rxd2 26. hxg3 Rxd1 27. Rxd1 Re7 28. Rd8+ Kh7 29. exf7 Rxf7 30.
Rc8 b4 ({Schwarz kann nur zwischen den Übeln wählen. Falls} 30... Re7 {so z.B.}
31. b4 Nd7 32. Nxa6 Re1+ 33. Kh2 Ne5 34. Nc5 Re2 35. f4 Ng4+ 36. Kh3 Nf2+ (
36... Ne3 37. Re8 Re1 38. g4) 37. Kh4 Rxc2 38. Ne6 Kg6 39. g4 Ne4 40. f5+ Kf6
41. Nc5 Nxc5 42. Rxc6+ $18 {nebst Txc5 und Txb5 und Weiß erhält ein gewonnenes
Turmendspiel, etwa nach} Ke7 43. Rxc5 Rxg2 44. Rxb5 Rh2+ 45. Kg3 Rxa2 46. Rb7+
Kf6 47. Rb6+ Kf7 48. b5) 31. Ne8 Re7 32. Rxc6 $18 Re1+ (32... Nxb3 33. axb3
Rxe8 34. Rxa6 $18) 33. Kh2 Ne6 $5 {Diagramm [#] Hübner fischt emsig im Trüben
und versucht, dem fast 40 Jahre jüngeren und um etliche Elo-Punkte überlegenen
Gegner die Gewinnführung so schwer wie möglich zu machen.} 34. Nd6 ({
Merkwürdigerweise verschmäht Gashimov hier und auch in der Folge hartnäckig
den gegnerischen a-Bauern und verzettelt sich mehr und mehr.} 34. Rxa6 Nd4 (
34... Re2 35. Ra7 Kg8 36. Nc7 Nd4 37. Kh3 $18) 35. Nc7 Nxc2 (35... Re2 36. Kh3
Rxc2 {/Nxc2} 37. Nd5 $18) 36. Nd5 Rd1 37. Ra5 $18) 34... a5 35. Ne4 Nd4 36. Rc4
Nf5 37. g4 $5 (37. Rc7 $5 Kg8 (37... Ne3 38. Nf6+ Kg6 39. Nh5 Kxh5 40. Rxg7 $18
) (37... Kg6 38. g4 Ne3 39. Ng3 Nf1+ 40. Nxf1 Rxf1 41. Rc5 $18) 38. Rc5 Ne3 39.
c4 a4 (39... bxc3 40. Nxc3) 40. bxa4 Re2 41. Rb5 Rxg2+ 42. Kh3 Rxa2 (42... Rg1
43. g4) 43. Rxb4 Ra1 44. g4 g5 45. Nd2 Ra2 46. Rb3 Nc2 (46... Nxg4 47. Kxg4
Rxd2 48. Ra3 $1 Rd4+ 49. Kf5 Rxc4 50. a5 $18) 47. Rd3 Rxa4 48. Rd6 Kg7 49. Kg3
$18) 37... Ne3 38. Rc7 Kg8 39. Ng3 $6 ({I} 39. g5 $142 Re2 40. Kh3 Rxg2 41. c4
hxg5 (41... bxc3 42. Rxc3 Re2 43. g6 $18) 42. Re7 Kf8 43. Re6 Kf7 44. Re5 Kg6
45. Rxa5 g4+ 46. fxg4 Rxg4 47. Re5 Rf4 48. Kg3 Rf1 49. Nd6 $16 {/+-}) ({II} 39.
Kh3 Re2 40. g5 {ist Zugumstellung zu 39.g5}) 39... Ra1 40. Re7 $5 (40. Nf5 $5
Nxf5 41. gxf5 Rxa2 42. Rc4 $16) 40... Nxc2 41. Nf5 Rxa2 42. Rxg7+ Kf8 43. Ra7
Ne1 44. Kg3 $5 (44. Ra8+ $5 Kf7 45. Nxh6+ Kg6 46. Ra6+ Kg5 47. Nf7+ Kf4 48.
Rf6+ Ke3 49. Re6+ Kf2 50. g5 {und vermutlich +-, z.B.} Nxg2 51. Rf6 a4 52. bxa4
Ne3 53. g6 b3 54. Ne5 Kf1+ 55. Kg3 Nd5 56. Rf7 Rxa4 57. Rb7 Nf4 58. g7 Nh5+ 59.
Kh3 Ra8 60. Kg4 Nxg7 61. Rxg7 Rb8 62. Nd3) 44... Rxg2+ 45. Kf4 Nd3+ 46. Ke3 Nc5
(46... Nc1 47. Ra8+ $1 (47. Rxa5 $6 Re2+ 48. Kf4 Nxb3 49. Rb5 Nc1 50. Nxh6 Nd3+
51. Kg3 (51. Kf5 $4 Re5+ 52. Rxe5 Nxe5 $19) 51... Re5 $1 52. Rb6 $16) 47... Kf7
48. Nxh6+ Kg6 49. Nf5 $16 {/+-}) 47. Ra8+ $1 ({Nach dem sofortigen} 47. Rxa5 $2
{und dem weiteren} Rc2 48. Rb5 Rc3+ 49. Ke2 Nd3 50. Nd4 Nc1+ 51. Kf2 Nxb3 52.
Rxb4 Nxd4 53. Rxd4 $16 {entsteht eine Turmendspiel mit f+g-Bauern vs h-Bauer,
welches dem Schwarzen große Remischancen bietet.}) 47... Kf7 48. Nxh6+ ({
Wieder eine gute Gelegenheit, den a-Bauern zu vertilgen:} 48. Rxa5 Rc2 49.
Nxh6+ Kg6 (49... Ke6) 50. Nf5 Nxb3 51. Rb5 Rc3+ 52. Kf4 Rc4+ 53. Kg3 Nc1 54.
Ne3 Rd4 55. Rb6+ Kh7 56. Nc2 Rc4 57. Nxb4 $18) 48... Kg6 49. Nf5 $2 ({Jetzt
war es aber höchste Zeit für} 49. Rxa5 {:} Nxb3 (49... Rc2 50. Nf5 {wie gehabt
(+-)}) 50. Ra6+ Kh7 (50... Kg5 {rennt in ein Mattnetz} 51. Nf7+ Kh4 52. Kf4 $18
) 51. Nf5 $18 {und gewinnt (} Nc5 52. Rb6 b3 53. Kd4 {)}) 49... Ra2 $2 ({
Damit verpaßt der zähe Altmeister, der längst schon wieder Morgenluft
gewittert hatte, eine dicke Remischance:} 49... Rb2 $1 50. Rxa5 (50. Kf4 Rxb3
51. Rxa5 Nd3+ {ist Zugumstellung}) 50... Rxb3+ 51. Kf4 (51. Kd4 Rxf3 52. Kxc5
Rf4 53. Ne3 Re4 54. Nc4 Kg5 $11) 51... Nd3+ 52. Kg3 (52. Ke4 Nf2+ 53. Kd5 Nxg4
54. fxg4 (54. Nh4+ Kf6 55. fxg4 Rg3 $11) 54... Kg5 $11) 52... Rb1 53. Rd5 b3 $1
54. Rxd3 Rg1+ 55. Kf4 b2 56. Rd6+ Kf7 57. Rd7+ Kf8 58. Rb7 b1=Q 59. Rxb1 Rxb1
$11) 50. Rc8 (50. f4 {ist zwar eine interessante, aber nach} a4 51. bxa4 b3 52.
Rb8 b2 53. a5 (53. Rb6+ Kf7 54. g5 Ne6 55. Nd6+ Kg7 56. Rb7+ Kf8 57. g6 Ra3+
58. Kd2 b1=Q 59. Rxb1 Nxf4 $14) 53... Nb3 54. Rxb3 Ra3 55. Rxa3 b1=Q 56. Rd3
$14 {vermutlich (ebenfalls) nicht zum Sieg ausreichende Alternative:} Qe1+ 57.
Kf3 Qf1+ 58. Ke4 Qh1+ 59. Rf3 Qe1+ {usw.}) 50... Nxb3 $2 ({Hübner kann der
Verlockung nicht widerstehen, den materiellen Ausgleich unverzüglich
herzustellen. Indes zeigt die häusliche Analyse dieses höchst verzwickten
Endspiels, daß Schwarz sich hier möglicherweise auf studienhafte Weise retten
konnte:} 50... Rc2 $1 51. Rc6+ (51. f4 Rc3+ 52. Ke2 Ne6 53. Rxc3 Nxf4+ 54. Kd2
bxc3+ 55. Kxc3 Kg5 56. Ne3 (56. Kc4 Kxg4 $11) 56... Ne2+ 57. Kc4 Nc1 $11) 51...
Kg5 52. Nd4 Rc3+ 53. Kf2 a4 54. bxa4 Nxa4 55. Ra6 Nc5 56. Ne6+ (56. Rb6 Rc4 (
56... b3 $2 57. Ne6+ $1 Nxe6 58. Rxe6 Kh4 59. Rh6+ Kg5 60. Rh5+ Kf6 61. Rb5
Rc2+ 62. Kg3 b2 63. f4 $18) 57. Nc6 Ne4+ $1 58. Ke3 (58. fxe4 Rxe4 $11) 58...
Nc3 59. Ne7 Nd1+ 60. Ke2 Nc3+ 61. Kf2 Rc7 62. Nc6 Kh4 63. Nd4 Rc4 {und die
Verteidigung hält stand:} 64. Rh6+ (64. Nf5+ Kg5 65. Rb8 (65. Kg3 Ne2+ 66. Kf2
Nc3) 65... Kf4 $14) (64. Rd6 Rxd4 $1 65. Rxd4 b3 $11) 64... Kg5 65. Rh5+ Kg6
66. Nb3 Rc8 67. f4 Ra8 $14 68. f5+ Kg7 69. g5 Ra3 70. Nc5 b3 $11) 56... Kh4 57.
Nxc5 Rc2+ 58. Ke3 Rxc5 59. Rb6 Rc3+ 60. Ke4 Rc4+ 61. Kf5 {Nun kann Schwarz
sich nur durch eine studienartige Pattverteidigung retten:} b3 $3 (61... Rc5+
$2 62. Kg6 Rc4 63. g5 $18) (61... Kg3 $2 62. g5 Kxf3 63. g6 $18) 62. Rxb3 (62.
Rb5 Ra4 63. g5 b2 64. Rxb2 (64. g6 $4 Ra5 $19) 64... Ra5+ $11) (62. Ke5 Rc3 63.
Ke4 Kg3 64. g5 Rxf3 65. g6 Kf2 {/\Rg3=}) 62... Rxg4 $8 {= mit Remisstellung}
63. f4 (63. Rb8 Ra4) (63. fxg4 {patt!}) 63... Rg8) 51. Rc6+ $2 {Mit diesem
letzten Fehler verdirbt Gashimov seinen Vorteil endgültig, da der schwarze
König sehr wohl nach g5 vorrücken kann.} (51. Kf4 $1 {wäre stattdessen immer
noch gewinnverheißend gewesen, Weiß kommt am Königsflügel besser voran als der
Gegner auf der anderen Brettseite, z.B.} Kf7 (51... Rd2 52. Rc6+ Kf7 53. g5 Rg2
54. Rf6+ Ke8 55. g6 Nc1 56. g7 b3 57. Ng3 Ne2+ 58. Nxe2 Rxg7 59. Rb6 $18) 52.
g5 Rg2 53. Rc7+ Ke6 54. Re7+ Kd5 55. Re8 (55. Ne3+ $2 Kd6 56. Ra7 Rg1) 55...
Kc6 (55... Kc5 56. Ne3 Rd2 (56... Rg1 57. Ng4 Rd1 58. Ne5 {/\g6, Ng4+-}) 57. g6
Rd7 58. Nf5 $18) 56. Ne3 Rd2 57. g6 Rd7 58. Ng4 (58. Nf5 $2 Nc5 $1 {/\} 59. g7
Rxg7 60. Nxg7 b3) 58... Rc7 (58... Ra7 59. Ne5+ Kb5 60. Kg5 a4 61. Rb8+ Kc5 62.
Nd3+ Kc4 63. Nxb4 $18) 59. Ne5+ Kd5 (59... Kb6 60. Kg5 {/\Kf6 nebst g6-g7+-})
60. Kf5 Nd4+ 61. Kf6 b3 62. Rd8+ Kc5 63. f4 $1 $18) 51... Kg5 $11 52. Ng3 Nd2
53. Rc5+ Kg6 54. Rd5 Nc4+ 55. Kd3 Nd2 56. Ke3 Nc4+ 57. Kd4 Nd2 58. f4 b3 59.
Rd6+ Kh7 60. g5 Ra4+ 61. Kc3 Ne4+ 62. Nxe4 Rxe4 63. f5 Rf4 64. Rd7+ Kg8 65.
Rd8+ Kf7 66. Rd7+ Kg8 67. Rd5 a4 68. Rb5 Rf2 69. f6 Rg2 70. Kb4 b2 71. Kxa4
b1=Q 72. Rxb1 Rxg5 73. Rb7 Rf5 74. f7+ Rxf7 75. Rxf7 Kxf7 1/2-1/2

[Event "Olympiad-23"]
[Site "Buenos Aires"]
[Date "1978.11.10"]
[Round "14"]
[White "Radulov, Ivan"]
[Black "Westerinen, Heikki MJ"]
[Result "1-0"]
[WhiteElo "2490"]
[BlackElo "2450"]
[Annotator "Minev,N"]
[PlyCount "75"]
[EventDate "1978.10.25"]
[EventType "team-swiss"]
[EventRounds "14"]
[EventCountry "ARG"]
[SourceTitle "EXT 2000"]
[Source "ChessBase"]
[SourceDate "1999.11.16"]
[SourceVersion "1"]
[SourceVersionDate "1999.11.16"]
[SourceQuality "1"]
[WhiteTeam "Bulgaria"]
[BlackTeam "Finland"]
[WhiteTeamCountry "BUL"]
[BlackTeamCountry "FIN"]

{Inf.26/277} 1. e4 e5 2. Nf3 Nc6 3. Bb5 a6 4. Ba4 d6 5. O-O Bd7 6. c4 Bg4 7. h3
Bxf3 8. Qxf3 Nf6 9. Nc3 Be7 10. d4 $5 (10. d3 O-O 11. Be3 $11) 10... b5 $5 (
10... O-O 11. Bxc6 bxc6 12. dxe5 dxe5 13. Be3 $16) (10... exd4 11. Ne2 O-O 12.
Bxc6 bxc6 13. Nxd4 $16) 11. Nxb5 $1 (11. cxb5 Nxd4 12. bxa6+ c6 13. Qd3 O-O $13
) 11... O-O 12. Nc3 Nxd4 13. Qd3 Ne6 14. b4 Nh5 15. g3 Bg5 16. Bb2 Rb8 17. Qe2
$1 (17. a3 a5 (17... Nc5)) 17... g6 (17... Rxb4 18. Ba3 Nd4 19. Qxh5 Rxc4 20.
Bb2 (20. Bc1 $1 h6 21. h4 g6 22. Qd1 Bxh4 23. Bb2 $16) 20... Bd2 21. Bb3 Rxc3
22. Bxc3 Bxc3 $13) 18. Nd5 f5 19. exf5 Rxf5 20. c5 $1 Bh6 21. Bb3 Kh8 22. Rad1
Qd7 23. Nxc7 $1 Nef4 (23... Nxc7 24. cxd6 Nb5 25. Bxe5+ Bg7 26. Bxg7+ Nxg7 27.
Qe7 Rd8 28. Rfe1 Nxd6 29. Qxd7 Rxd7 30. Be6 $16) 24. gxf4 Qxc7 (24... Nxf4 25.
Bxe5+ $18) 25. cxd6 Qb7 26. Bxe5+ Bg7 27. d7 $18 Rd8 28. Bxg7+ Nxg7 29. Qe7
Rff8 30. Qxf8+ Rxf8 31. d8=Q Rxd8 32. Rxd8+ Ne8 33. Rxe8+ Kg7 34. Rfe1 Qxb4 35.
R1e7+ Kh6 36. Bg8 Qxf4 37. Rxh7+ Kg5 38. h4+ 1-0